[Event "Ruhrgebiet Verbandsklasse Gruppe 2 1415"]
[Site "Germany"]
[Date "2014.12.14"]
[Round "4.8"]
[White "Mueller, Elmar"]
[Black "Tenschert, Hartmut"]
[Result "1/2-1/2"]
[WhiteElo "1602"]
[BlackElo "1758"]
[PlyCount "83"]
[EventDate "2014.09.21"]
[EventType "team-tourn"]
[EventRounds "9"]
[EventCountry "GER"]
[SourceTitle "EXT 2022"]
[Source "ChessBase"]
[SourceDate "2021.10.06"]
[SourceVersion "1"]
[SourceVersionDate "2021.10.06"]
[SourceQuality "1"]
[WhiteTeam "Dortmund SV"]
[BlackTeam "Castrop Rauxel II"]
[WhiteTeamCountry "GER"]
[BlackTeamCountry "GER"]

1. d4 d5 2. Nf3 Nf6 3. e3 Bf5 4. c4 e6 5. Nc3 Be7 6. Qb3 b6 7. Be2 0-0 8. 0-0 c5 9. Rd1 dxc4 10. Qxc4 Qc8 11. d5 exd5 12. Nxd5 Nxd5 13. Qxd5 Nc6 14. e4 Be6 15. Qh5 Bg4 16. Qd5 Rd8 17. Qb3 Be6 18. Qc3 Rxd1+ 19. Bxd1 Qc7 20. Bg5 h6 21. Bxe7 Qxe7 22. Bc2 Rd8 23. a3 Bg4 24. Ne1 Nd4 25. Kh1 Qf6 26. f3 Be6 27. Bd3 Qh4 28. Nc2 Qf4 29. Ne1 Qe3 30. Qc1 Qf2 31. Qc3 Bb3 32. h3 c4 33. Bxc4 Bxc4 34. Qxc4 Ne6 35. Qc3 Rd2 36. Rc1 g6 37. Kh2 Rxb2 38. Qe5 Nc5 39. Qe8+ Kg7 40. Qe5+ Kg8 41. Qe8+ Kg7 42. Qe5+ 1/2-1/2